Movies Quiz

Random Movies or Actor Quiz

Christian Bale Movies by cast Quiz Stats

 Plays Quiz not verified by Sporcle

Challenge
Share
Tweet
Embed
Score 0/20 Timer 08:00
0 Plays Today
Actors Movie % Correct
Bradley Cooper, Amy Adams, Jennifer LawrenceAmerican Hustle
94.3%
Heath Ledger, Aaron Eckhart, Maggie GyllenhaalThe Dark Knight
93.2%
Tom Hardy, Marion Cotillard, Anne HathawayThe Dark Knight Rises
87.5%
Mark Wahlberg, Amy Adams, Jack McGeeThe Fighter
84.1%
Hugh Jackman, Scarlett Johanssen, Michael CaineThe Prestige
80.7%
Cillian Murphy, Tom Wilkinson, Ken WatanabeBatman Begins
77.3%
Jared Leto, Chloe Sevigny, Willem DafoeAmerican Psycho
62.5%
James Russo, Johnny Depp, David WenhamPublic Enemies
60.2%
John Malkovich, Miranda Richardson, Joe PantolianoEmpire of the Sun
55.7%
Matthew McConaughey, Izabella Scorupco, Gerard ButlerReign of Fire
51.1%
Actors Movie % Correct
Samuel L. Jackson, Vanessa Williams, Busta RhymesShaft
43.2%
Winona Ryder, Gabriel Byrne, Kirsten DunstLittle Women
43.2%
Cate Blanchett, Richard Gere, Heath LedgerI'm Not There.
40.9%
Dominc Purcell, Sean Bean, Christian KahrmannEquilibrium
37.5%
Jennifer Jason Leigh, Michael Ironside, Aitana Sanchez-GijonThe Machinist
34.1%
Ewan McGregor, Jonathan Rhys Meyers, Toni ColletteVelvet Goldmine
31.8%
Frances McDormand, Kate Beckinsale, Natascha McElhoneLaurel Canyon
30.7%
Ni Ni, Xinyi Zhang, Tianyuan HuangThe Flowers of War
27.3%
Emily Watson, Lee Ross, Elsa ZylbersteinMetroland
12.5%
Nick Pickard, Timothy Bottoms, Susannah YorkMio in the Land of Faraway
8%

You're not logged in!

Compare scores with friends on all Sporcle quizzes.
Join for Free
OR
Log In

You Might Also Like...

Show Comments

Extras

Top Quizzes Today


Score Distribution

Your Account Isn't Verified!

In order to create a playlist on Sporcle, you need to verify the email address you used during registration. Go to your Sporcle Settings to finish the process.

Report this User

Report this user for behavior that violates our Community Guidelines.

Details: